| 000 | 00836cam a22002653a 4500 | ||
|---|---|---|---|
| 001 | 15391 | ||
| 003 | PGUSA | ||
| 005 | 20140828083329.0 | ||
| 008 | 050317s2005||||xxu|||||s|||||000 | eng d | ||
| 040 |
_aPGUSA _beng |
||
| 042 | _adc | ||
| 050 | 4 | _aE151 | |
| 245 | 1 | 0 |
_aAmerican Eloquence, Volume 1 : _bStudies In American Political History (1896) _h[electronic resource] |
| 260 |
_bProject Gutenberg, _c2005 |
||
| 506 | _aPublic domain in the USA. | ||
| 516 | _aElectronic text | ||
| 653 | _aSpeeches, addresses, etc., American | ||
| 653 | _aUnited States -- History | ||
| 653 | _aUnited States -- Politics and government | ||
| 700 | 1 |
_aWoodburn, James Albert, _d1856-1943 |
|
| 700 | 1 |
_aJohnston, Alexander, _d1849-1889 |
|
| 830 | 0 |
_aProject Gutenberg _v15391 |
|
| 856 | 4 | 0 | _uhttp://www.gutenberg.org/ebooks/15391 |
| 942 | _cEB | ||
| 999 |
_c244646 _d244646 |
||